000 00230nam a22000857a 4500
008 160716b xxu||||| |||| 00| 0 eng d
100 _92956
_a Rao, S.R
245 _aTales of Ancient India
260 _aNew Delhi
_bOrient Publication
_c2003
999 _c2520
_d2520